00501nam a2200181Ia 4500008004100000020001900041082000800060100002400068245002900092250000600121260002500127300001500152500002400167650001400191942000700205952009000212999001700302230524s9999 xx 000 0 und d a97893513428477 bBHA aV B Bhandari942877 0aMachine Design Data Book a1 aNew DelhibTMHc2015 a"1.1,14p;" aQuantity Number: 1 aMechanics cBK 00104070aTATCLbTATCLcGENd2023-05-24l0o BHAp54141r2023-05-24w2023-05-24yBK c57849d57849